Cinéma japonais - Décodeur - Statistiques

Statistiques générales
  • Ce quiz a été pris 249 fois
  • Le résultat moyen est 5 sur 13
Statistiques - réponses
Groupe Lettres Indices Réponses % Correct
Indices G Monstre qui révolutionna le genre du kaijū eiga en 1954 Godzilla
84%
Indices L Héros de Maurice Leblanc dont Miyazaki s'inspirapour Le Château de Cagliostro Arsène Lupin
71%
Indices K Illustre réalisateur célèbre pour Les Sept Samouraïs Akira Kurosawa
54%
Indices A Une minuscule adolescente chapardeuse découvre l'amitié humaine en secret dans cette production du Studio Ghibli Arrietty, le petit monde des chapardeurs
43%
Indices U Film d'horreur d'Higuchinsky de 2000 ou nom de Naruto Uzumaki
43%
Indices O On lui doit notamment Voyage à Tokyo Yasujirō Ozu
38%
Indices E Nagisa Ōshima créa le scandale en 1976 avec ce filmaux multiples scènes à caractère pornographique L'Empire des sens
37%
Indices D Chat-robot bleu voyageant dans le temps à l'affiche d'une quarantaine de films d'animation Doraemon
29%
Indices U Film franco-japonais dans lequel Depardieu part à Hokkaido à la recherche d'une saveur oubliée Umami
29%
Indices S Réalisé après Your Name. et Les Enfants du temps Suzume
27%
Indices E Suite d'un anime de 1995, il est classé meilleur film d'animation de tous les temps sur Letterboxd The End of Evangelion
24%
Indices T Maison de production distribuant notamment les films d'Ishirō Honda et de Takeshi Kitano Tōhō
16%
Citation Le Goût du saké
10%
Aucun quiz correspondant
Distribution des résultats
% des personnes avec chaque résultat
Percentile par nombre de réponses
Votre historique - résultats
Vous n’avez pas pris ce quiz